000 00458nam a22001817a 4500
005 20180710115957.0
008 160525b xxu||||| |||| 00| 0 eng d
020 _a978-0-7506-4899-8
041 _aeng
082 _b4840
_a658.15
100 _aBender, Ruth & Keith, Ward
_94506
245 _aCorporate Financial Strategy
250 _a2nd ed.
260 _aNew Delhi
_bAcademic Faundation
300 _a292p,
650 _aManagement
_9241
942 _cBK
999 _c1669
_d1668